000 00238nam a2200097Ia 4500
001 688009
005 20250826161607.0
008 250824s9999 xx 000 0 und d
245 0 _aKAYI IV
_cAHMET ŞİMŞİRGİL
260 _bTİMAŞ YAYINLARI
999 _c688009
_d688009